Viceroys: the Creation of the British/ (Record no. 177331)

MARC details
000 -LEADER
fixed length control field 00646nam a22001817a 4500
005 - DATE AND TIME OF LATEST TRANSACTION
control field 20210218173335.0
010 ## - LCCN (DPL NO)
LC control number ENG-129035
020 ## - INTERNATIONAL STANDARD BOOK NUMBER
Terms of availability 699.00
International Standard Book Number 978-1-4721-2474-6
035 ## - SYSTEM CONTROL NUMBER
System control number EN-112567
037 ## - SOURCE OF ACQUISITION
Source of stock number/acquisition DBAD/PUB
082 ## - DEWEY DECIMAL CLASSIFICATION NUMBER
Classification number 954.030922
100 ## - MAIN ENTRY--PERSONAL NAME
Personal name Lee, Christopher
245 ## - TITLE STATEMENT
Title Viceroys: the Creation of the British/
Statement of responsibility, etc Christopher Lee
260 ## - PUBLICATION, DISTRIBUTION, ETC. (IMPRINT)
Place of publication, distribution, etc Gurugram
Name of publisher, distributor, etc Hachette Book Publishing India Pvt. Ltd.
Date of publication, distribution, etc 2018
270 ## - ADDRESS
City Gurugram
Address 4th/5th Floors, Corporate Centre, Plot No- 94, Sec- 44
Postal code 122003
300 ## - PHYSICAL DESCRIPTION
Extent x+422p.
Dimensions 24cm(pbk)
Other physical details Including bibliographical references and index.
942 ## - ADDED ENTRY ELEMENTS (KOHA)
Source of classification or shelving scheme Dewey Decimal Classification
Item type English Books
Classification part 954.030922
Call number suffix LEE
Holdings
Withdrawn status Lost status Not for loan Collection code Home library Current library Date acquired Source of acquisition Cost, normal purchase price Full call number Barcode Copy number Cost, replacement price Koha item type
      Non-fiction Ashok Vihar Ashok Vihar 18/02/2021 DBAD/PUB 699.00 954.030922 LEE EN-112567 1 699.00 English Books

© Delhi Public Library
Hit Counter
free hit counter